Use of social media: (Record no. 121607)

MARC details
000 -LEADER
fixed length control field 01593nam a22002777a 4500
008 - FIXED-LENGTH DATA ELEMENTS--GENERAL INFORMATION
fixed length control field 230717s2021 xxk|||||o|||| 00| 0 eng d
041 ## - LANGUAGE CODE
Language code of text/sound track or separate title eng
110 ## - MAIN ENTRY--CORPORATE NAME
Corporate author Royal Institution of Chartered Surveyors
245 ## - TITLE STATEMENT
Title Use of social media:
Subtitle guidance for RICS members
Medium [old edition]
260 ## - PUBLICATION INFORMATION
Place of publication London,
Publisher Royal Institution of Chartered Surveyors,
Date 2021
300 ## - PHYSICAL DESCRIPTION
Physical description 3p.
490 ## - SERIES TITLE
Series statement RICS Regulation
500 ## - GENERAL NOTE
General note Version 1 with effect from 30 June 2021<br/>
520 ## - ABSTRACT
Abstract This guidance highlights when RICS is likely to investigate concerns about social media posts.
520 ## - ABSTRACT
Abstract Replaced by 2nd edition, effective 1 September 2024
650 ## - KEYWORDS
Keywords MARKETING
650 ## - KEYWORDS
Keywords SOCIAL MEDIA
651 ## - SUBJECT ADDED ENTRY--GEOGRAPHIC NAME
Geographic name International
710 ## - ADDED CORPORATE NAME
Added corporate author Royal Institution of Chartered Surveyors
856 ## - ONLINE RESOURCE
Uniform Resource Identifier <a href="https://www.rics.org/content/dam/ricsglobal/documents/regulation/use_of_social_media_guidance_for_rics_members_web.pdf">https://www.rics.org/content/dam/ricsglobal/documents/regulation/use_of_social_media_guidance_for_rics_members_web.pdf</a>
Public note Available free on RICS.org
856 ## - ONLINE RESOURCE
Uniform Resource Identifier <a href="https://www.rics.org/content/dam/ricsglobal/documents/regulation/use_of_social_media_guidance_fr_fr_hr.pdf">https://www.rics.org/content/dam/ricsglobal/documents/regulation/use_of_social_media_guidance_fr_fr_hr.pdf</a>
Public note French language version on RICS.org
856 ## - ONLINE RESOURCE
Uniform Resource Identifier <a href="https://www.rics.org/content/dam/ricsglobal/documents/regulation/use_of_social_media_guidance_de_de_hr.pdf">https://www.rics.org/content/dam/ricsglobal/documents/regulation/use_of_social_media_guidance_de_de_hr.pdf</a>
Public note German language version on RICS.org
856 ## - ONLINE RESOURCE
Uniform Resource Identifier <a href="https://www.rics.org/content/dam/ricsglobal/documents/regulation/use_of_social_media_guidance_zh_cn_hr.pdf">https://www.rics.org/content/dam/ricsglobal/documents/regulation/use_of_social_media_guidance_zh_cn_hr.pdf</a>
Link text Chinese language version on RICS.org
856 ## - ONLINE RESOURCE
Uniform Resource Identifier <a href="https://www.rics.org/content/dam/ricsglobal/documents/regulation/use_of_social_media_guidance_es_es_hr.pdf">https://www.rics.org/content/dam/ricsglobal/documents/regulation/use_of_social_media_guidance_es_es_hr.pdf</a>
Public note Spanish language version on RICS.org
942 ## - ADDED ENTRY ELEMENTS (KOHA)
Suppress in OPAC Do not suppress in OPAC
Holdings
Lost status Damaged status Not for loan Current library Shelving location Date acquired Total Checkouts Full call number Date last seen Price effective from Koha item type
      Virtual Online 17/07/2023   ONLINE PUBLICATION 17/07/2023 17/07/2023 Online material